000
00312pam a2200145 a 4500
020
_c
041
_a
eng
082
_b
CHA
100
_a
Chatwal GR .
245
_a
Computers in Chemistry VOL I
_h
Textual Documents
250
_a
1998.
260
_a
New Delhi :
_b
Anmol .
300
_a
344 pg .
930
_a
12244
999
_c
89147
_d
89147